| 000 | 00000nam##2200000za#4500 |
| 001 | 9.580322 |
| 003 | CaOODSP |
| 005 | 20210624191001 |
| 007 | cr ||||||||||| |
| 008 | 150406|1980||||xxc|||||o f|0| 0 eng|d |
| 040 | |aCaOODSP|beng |
| 043 | |an-cn--- |
| 086 | 1 |aFs97-13/178E-PDF |
| 110 | 1 |aCanada. |bDepartment of Fisheries and Oceans. |
| 245 | 10|aDensities of juvenile Atlantic salmon and other species, and related data from electroseining studies in the Saint John River System, 1968-78 / |h[electronic resource]|c[by] A.A. Francis. |
| 260 | |aHalifax - Nova Scotia : |bFisheries and Oceans Canada |c1980. |
| 300 | |a106p.|bfigs., references, tables |
| 490 | 1 |aCanadian data report of fisheries and aquatic sciences|vNo. 178 |
| 500 | |aFile reproduced from original print. On t. p. : Freshwater and Anadromous Division Resource Branch, Halifax, Nova Scotia. Catatogue number and ISSN for the print version appear in the PDF version. |
| 546 | |a(Résumé en français) |
| 590 | |a14-14-Supp|b2014-07-24 |
| 830 | #0|aCanadian data report of fisheries and aquatic sciences ;|vNo. 178|w(CaOODSP)9.505124 |
| 856 | 40|ahttp://publications.gc.ca|qPDF|s1830 KB|uhttps://publications.gc.ca/collections/collection_2014/mpo-dfo/Fs97-13-178-eng.pdf|yNo. 178 |